Electricity 1 : (Record no. 183996)
[ view plain ]
| 000 -LEADER | |
|---|---|
| fixed length control field | 01275 a2200193 4500 |
| 003 - CONTROL NUMBER IDENTIFIER | |
| control field | NUST |
| 005 - DATE AND TIME OF LATEST TRANSACTION | |
| control field | 20221201144557.0 |
| 020 ## - INTERNATIONAL STANDARD BOOK NUMBER | |
| International Standard Book Number | 0827325312 |
| 040 ## - CATALOGING SOURCE | |
| Transcribing agency | Nust |
| 082 ## - DEWEY DECIMAL CLASSIFICATION NUMBER | |
| Classification number | 537,KUB |
| 100 ## - MAIN ENTRY--PERSONAL NAME | |
| Personal name | Kubala, Thomas S. |
| 245 ## - TITLE STATEMENT | |
| Title | Electricity 1 : |
| Remainder of title | devices, circuits and materials / |
| Statement of responsibility, etc. | Thomas S. Kubala. |
| 250 ## - EDITION STATEMENT | |
| Edition statement | 4th ed. |
| 260 ## - PUBLICATION, DISTRIBUTION, ETC. | |
| Place of publication, distribution, etc. | Albany, |
| Name of publisher, distributor, etc. | Delmar Publishers |
| Date of publication, distribution, etc. | [1988] |
| 300 ## - PHYSICAL DESCRIPTION | |
| Extent | 146 p. illus. |
| Other physical details | 27 cm. |
| 505 ## - FORMATTED CONTENTS NOTE | |
| Formatted contents note | Introduction (Page- 1), Electron Theory and Ohm's Law (Page- 5), Series Circuits (Page- 11), Parallel Circuits (Page- 17), Series-Parallel Circuits (Page- 23), Electrical Energy and Power (Page-23), Batteries (Page- 33), Electrical Conductors and Wire Sizes (Page- 41), Voltage Drop Across Conductors (Page- 49), Summary Review of Units 1-9 (Page- 55), Magnets and Magnetic Fields (Page-61), Electromagnetism (Page- 65),Generation of Electromotive Force (Page- 71), Direct-Current Motor Principles (Page- 79), Summary Review of Units 11-14 (Page- 85), Typical Bell Circuits (Page- 89), Switch Control of Lighting Circuits (Page- 95), Wiring Materials (Page- 105), Remote Control Systems for Lighting Circuits (Page- 127), Summary Review of Units 16-19 (Page- 135). |
| 650 ## - SUBJECT ADDED ENTRY--TOPICAL TERM | |
| Topical term or geographic name entry element | Electricity |
| 9 (RLIN) | 39895 |
| 942 ## - ADDED ENTRY ELEMENTS (KOHA) | |
| Source of classification or shelving scheme | |
| Koha item type | Book |
| Item part | 537,KUB |
| Withdrawn status | Lost status | Source of classification or shelving scheme | Damaged status | Not for loan | Permanent Location | Current Location | Shelving location | Date acquired | Full call number | Barcode | Date last seen | Price effective from | Koha item type | Public note |
|---|---|---|---|---|---|---|---|---|---|---|---|---|---|---|
| Military College of Signals (MCS) | Military College of Signals (MCS) | General Stacks | 12/12/2016 | 537,KUB | MCS5465 | 12/08/2016 | 12/12/2016 | Book | Almirah No.16, Shelf No.4 |
